000 00930nam a2200277 a 4500
001 25679
003 CO-ViMGA
008 141112s2004 ck r 000 u spa d
020 _a9789587107791
040 _aCO-ViMGA
_bspa
_cCO-ViMGA
041 _aSPA
082 0 4 _a342.73 T87p
100 1 _aTushnet, Mark, 1945 -
_939505
245 1 0 _aPor qué la Constitución importa? /
_cMark Tushnet ; traducción Alberto Supelano
250 _a1a ed.
260 _aBogotá :
_bUniversidad Externado de Colombia,
_c2013
300 _a205 p.
490 _aTeoría jurídica y filosofía del derecho
500 _aIncluye índice
650 1 4 _aESTADOS UNIDOS. CORTE SUPREMA
_939506
650 1 4 _aPODER JUDICIAL - ESTADOS UNIDOS
_939507
650 1 4 _aPROBLEMAS POLITICOS Y PODER JUDICIAL - ESTADOS UNIDOS
_939508
651 _aESTADOS UNIDOS - DERECHO CONSTITUCIONAL
_939509
700 1 _aSupelano, Alberto
_939510
942 _2ddc
_cBK
999 _c5247
_d5247